000 00400nam a2200145Ia 4500
008 190430s9999 xx 000 0 und d
100 _aMateo, Janvic
245 _aOff-campus activities part of UP education - exec/
245 _cJanvic Mateo
260 _bThe Philippine Star
260 _c2019
300 _aPage 12, January 17
440 _aThe Philippine Star
_v33: 174
650 _aEducation
999 _c361758
_d361758